Normal view
MARC view
- Lowell, John
Entry Personal Name
001 - CONTROL NUMBER
- control field: 103688
003 - CONTROL NUMBER IDENTIFIER
- control field: NUST
005 - DATE AND TIME OF LATEST TRANSACTION
- control field: 20221128133551.0
008 - FIXED-LENGTH DATA ELEMENTS
- fixed length control field: 221128|| aca||aabn | a|a d
040 ## - CATALOGING SOURCE
- Original cataloging agency: NUST
- Transcribing agency: NUST
100 ## - HEADING--PERSONAL NAME
- Personal name: Lowell, John
670 ## - SOURCE DATA FOUND
- Source citation: Work cat.: (NUST)182099: Electronic and photonic circuits and devices /, c1999.
